Dopady COVID-19 na medzinárodný obchod bakalárska práca

Guardado en:
Detalles Bibliográficos
Autor principal: Spusta, Róbert
Autor Corporativo: Obchodná fakulta EU. Katedra medzinárodného obchodu
Otros Autores: Krajčík, Daniel, 1981-
Formato: Libro
Lenguaje:eslovaco
Publicado: Bratislava 2021
Etiquetas: Agregar Etiqueta
Sin Etiquetas, Sea el primero en etiquetar este registro!

MARC

LEADER 00000nbm a2200000 4500
001 0276043
005 20220209124923.6
041 0 |a slo 
044 |a SK 
245 1 0 |a Dopady COVID-19 na medzinárodný obchod  |b bakalárska práca  |c Róbert Spusta ; školiteľ: Daniel Krajčík 
264 1 |a Bratislava  |c 2021 
300 |a 51 s. 
100 1 |a Spusta, Róbert 
700 1 |a Krajčík, Daniel, 1981- 
710 2 |a Obchodná fakulta EU. Katedra medzinárodného obchodu